Clarín : (Record no. 6317)
[ view plain ]
| 000 -CABECERA | |
|---|---|
| campo de control de longitud fija | 00639cam a2200193 a 4500 |
| 001 - NÚMERO DE CONTROL | |
| campo de control | 000006526 |
| 005 - FECHA Y HORA DE LA ÚLTIMA TRANSACCIÓN | |
| campo de control | 20200929153939.0 |
| 008 - DATOS DE LONGITUD FIJA--INFORMACIÓN GENERAL | |
| campo de control de longitud fija | 770414s1962 sp 000 0bspa d |
| 040 ## - FUENTE DE LA CATALOGACIÓN | |
| Centro catalogador/agencia de origen | DO-SdBNP |
| Lengua de catalogación | spa |
| Centro/agencia transcriptor | BNPHU |
| 082 ## - NÚMERO DE LA CLASIFICACIÓN DECIMAL DEWEY | |
| Número de clasificación | 928.46 |
| Número de documento/Ítem | A323C |
| 100 1# - ENTRADA PRINCIPAL--NOMBRE DE PERSONA | |
| Nombre de persona | Cabezas, Juan Antonio, |
| Fechas asociadas al nombre | 1900-1993. |
| 9 (RLIN) | 18114 |
| 245 10 - MENCIÓN DE TÍTULO | |
| Título | Clarín : |
| Resto del título | el provinciano universal / |
| Mención de responsabilidad, etc. | Juan Antonio Cabezas. |
| 260 ## - PUBLICACIÓN, DISTRIBUCIÓN, ETC. | |
| Lugar de publicación, distribución, etc. | Madrid, España : |
| Nombre del editor, distribuidor, etc. | Espasa-Calpe, |
| Fecha de publicación, distribución, etc. | 1962. |
| 300 ## - DESCRIPCIÓN FÍSICA | |
| Extensión | 229 p. ; |
| Dimensiones | 18 cm. |
| 490 1# - MENCIÓN DE SERIE | |
| Mención de serie | Austral ; |
| Designación de volumen o secuencia | 1313. |
| 600 10 - PUNTO DE ACCESO ADICIONAL DE MATERIA--NOMBRE DE PERSONA | |
| Nombre de persona | ALAS, LEOPOLDO, |
| Fechas asociadas al nombre | 1852-1901. |
| Subdivisión general | BIOGRAFÍA |
| 9 (RLIN) | 18115 |
| 650 #4 - PUNTO DE ACCESO ADICIONAL DE MATERIA--TÉRMINO DE MATERIA | |
| Término de materia o nombre geográfico como elemento de entrada | Autores españoles |
| Subdivisión general | Biografías |
| 9 (RLIN) | 18116 |
| 830 #0 - PUNTO DE ACCESO ADICIONAL DE SERIE-TÍTULO UNIFORME | |
| Título uniforme | Austral ; |
| Número de parte o sección de la obra | 1313. |
| 9 (RLIN) | 18117 |
| Estado de retiro | Estado de pérdida | Restricciones de uso | No para préstamo | Código de colección | Localización permanente | Ubicación/localización actual | Ubicación en estantería | Fecha de adquisición | Número de inventario | Total de préstamos | Signatura topográfica completa | Código de barras | Fecha visto por última vez | Precio válido a partir de | Tipo de ítem Koha |
|---|---|---|---|---|---|---|---|---|---|---|---|---|---|---|---|
| Monografías: Libros y Folletos | General | General | Depósito | 31.08.2009 | LF1 | 928.46 A323C | 6526-10 | 25.06.2020 | 25.06.2020 | Préstamo en sala |
